00400nam a2200121Ia 4500008004000000020001800040082001700058100004600075245006500121260004900186300000800235650003500243210210b1975 xxu||||| |||| 00| 0 eng d a0 13 667014 8 a790.196 GROP aGROSSE (Susan J) and BECHERER (Monica C). aPhysical education activities for the uncoordinated student. aNew York.bParker Publishing Company.,c1975 a236 aPhysical Education Handicaps